|
|
|
|
| LEADER |
01726cas a2200241 a 4500 |
| 001 |
AALejournalIMF007202 |
| 008 |
230101c9999 xx r poo 0 0eng d |
| 020 |
|
|
|c 5.00 USD
|
| 020 |
|
|
|z 9781455276561
|
| 022 |
|
|
|a 1934-7685
|
| 040 |
|
|
|a BD-DhAAL
|c BD-DhAAL
|
| 110 |
2 |
|
|a International Monetary Fund.
|
| 245 |
1 |
0 |
|a Nicaragua :
|b Sixth Review Under the Extended Credit Facility and Financing Assurances Review -Staff Report; Press Release on the Executive Board Discussion.
|
| 264 |
|
1 |
|a Washington, D.C. :
|b International Monetary Fund,
|c 2011.
|
| 300 |
|
|
|a 1 online resource (58 pages)
|
| 490 |
1 |
|
|a IMF Staff Country Reports
|
| 500 |
|
|
|a <strong>Off-Campus Access:</strong> No User ID or Password Required
|
| 500 |
|
|
|a <strong>On-Campus Access:</strong> No User ID or Password Required
|
| 506 |
|
|
|a Electronic access restricted to authorized BRAC University faculty, staff and students
|
| 520 |
3 |
|
|a Nicaragua's economic performance in 2010 was satisfactory. Real GDP grew, supported by strong consumption and investment. Bank credit started recovering while the financial system remained liquid and profitable. Exchange-rate and monetary policy have contributed to macroeconomic stability. The authorities plan to improve public financial management and also to adopt a legal framework and remain committed to contain the macroeconomic risks from external aid flows. They also welcomed the sixth review and Financing Assurances under the Extended Credit Facility (ECF) arrangement.
|
| 538 |
|
|
|a Mode of access: Internet
|
| 830 |
|
0 |
|a IMF Staff Country Reports; Country Report ;
|v No. 2011/118
|
| 856 |
4 |
0 |
|z Full text available on IMF
|u http://elibrary.imf.org/view/journals/002/2011/118/002.2011.issue-118-en.xml
|z IMF e-Library
|